=LDR 00000nam 2200000 4500 =001 000346 =005 20250710024409 =035 ##$$a 0010-0725000202 =007 ta =008 250710################a##########0#ind## =020 ##$$a 978-623-307-361-5 =082 ##$$a 398.209 598 =084 ##$$a 398.209 598 SHA p =100 #$$a Shamim padamsee =245 1#$$a Parade : $b Orang orang sawah /$c Shamim padamsee =250 ##$$a Cetakan pertama =260 ##$$a Rawamangin :$b Badan pengembangan dan pembinaan bahasa,$c 2022 =300 ##$$a 18 hlm. : $b Ilus. ; $c 29,7 cm =650 #4$$a Cerita anak indonesia-terjemahan =990 ##$$a TBM00610061 =990 ##$$a TBM202400061